Score 0/100 Timer 20:00
0 Plays Today
% Correct
The Omen
95%
Oculus
87.5%
The Ring
87.5%
Orphan
85%
Poltergeist
85%
Saw
85%
The Purge
82.5%
A Quiet Place
82.5%
Scream
82.5%
Shaun of the Dead
82.5%
The Mist
80%
Re-Animator
77.5%
The Descent
77.5%
Donnie Darko
77.5%
Drag Me to Hell
75%
Evil Dead
75%
Queen of the Damned
72.5%
Red Riding Hood
72.5%
Ringu
72.5%
Eraserhead
70%
Memento
70%
El Orfanato
67.5%
The Devil’s Rejects
65%
The Rite
57.5%
Rubber
57.5%
Death Proof
57.5%
Planet Terror
55%
Maniac
55%
The Shallows
50%
The Dentist
50%
Only Lovers Left Alive
47.5%
See No Evil
45%
Martyrs
45%
The Midnight Meat Train
45%
% Correct
The Mothman Prophecies
42.5%
Odd Thomas
40%
Red State
35%
Session 9
35%
Dream House
35%
Kairo
30%
The Ruins
30%
Mirrors
30%
The Possession
25%
Don’t Knock Twice
25%
May
25%
Parasyte
22.5%
Pet
22.5%
Regression
22.5%
Ogre
20%
The Quiet Ones
20%
Mermaid Chronicles Part 1: She Creature
20%
Open Grave
17.5%
Pathology
12.5%
Severance
12.5%
Embryo
12.5%
The Ouija Experiment
10%
Out of the Dark
10%
Patrick
10%
Population 436
10%
The Seasoning House
10%
The Divide
10%
Emelie
10%
Exam
10%
Milo
10%
Calvaire
7.5%
The Other Side of the Door
7.5%
Over Your Dead Body
7.5%
The Pact
7.5%
% Correct
Insensibles
7.5%
The Pit
7.5%
Death Tube
7.5%
The Den
7.5%
Devil’s Due
7.5%
Dismissed
7.5%
The Offering
5%
Queen of Spades: The Dark Rite
5%
Resurrection
5%
Rigor Mortis
5%
Sacrifice
5%
Seconds Apart
5%
Shadowman
5%
Delirium
5%
Demonic
5%
Enter Nowhere
5%
The Messengers
5%
The Moth Diaries
5%
Mourning Grave
5%
Possessed
2.5%
Pazuru
2.5%
R-Point
2.5%
Reykjavik Whale Watching Massacre
2.5%
Sanitarium
2.5%
Scar
2.5%
The Scarehouse
2.5%
Devil Seed
2.5%
Doghouse
2.5%
Don’t Hang Up
2.5%
Dread
2.5%
Memento Mori
2.5%
Domnișoara Christina
2.5%
Remove Ads.
Support Sporcle.
Get the best of Sporcle when you Go Orange. This ad-free experience offers more features, more stats, and more fun while also helping to support Sporcle. Thank you for becoming a member.

You're not logged in!

Compare scores with friends on all Sporcle quizzes.
OR
Log In

Sporcle TV

Today on Sporcle TV


Watch our educational content, quiz creation guides, and fun videos on Sporcle TV.

Show Comments

Extras

Top Quizzes Today


Score Distribution

Paid Content

Your Account Isn't Verified!

In order to create a playlist on Sporcle, you need to verify the email address you used during registration. Go to your Sporcle Settings to finish the process.

Report this User

Report this user for behavior that violates our Community Guidelines.

Details: